书目信息 |
| 题名: |
未来城市
|
|
| 作者: | 罗斯曼 , 范埃尔迪约克 , 里德 著 ;曹康 译 | |
| 分册: | ||
| 出版信息: | 北京 中国建筑工业出版社 2016.04 |
|
| 页数: | 251页 | |
| 开本: | 26cm | |
| 丛书名: | ||
| 单 册: | ||
| 中图分类: | C912.81 | |
| 科图分类: | ||
| 主题词: | 城市学--cheng shi xue | |
| 电子资源: | ||
| ISBN: | 978-7-112-18280-0 | |
| 000 | 01185nam0 2200277 450 | |
| 001 | CAL 0120161836300 | |
| 005 | 20190305154312.51 | |
| 010 | @a978-7-112-18280-0@dCNY58.00 | |
| 100 | @a20160615d2016 em y0chiy50 ea | |
| 101 | 1 | @achi@cger@cdut |
| 102 | @aCN@b110000 | |
| 105 | @aab z 000yy | |
| 200 | 1 | @a未来城市@Awei lai cheng shi@d= Future city@f(荷兰) 斯蒂芬·里德, (德国) 约尔根·罗斯曼, (荷兰) 约伯·范埃尔迪约克著@g曹康 ... [等] 译@zegn |
| 210 | @a北京@c中国建筑工业出版社@d2016.04 | |
| 215 | @a251页@c图, 地图@d26cm | |
| 306 | @a由英国Taylor & Francis Group出版公司授权出版 | |
| 330 | @a本书分为相互对应的三个部分, 并以多重的尽可能的方式相互进行阐明。在一系列案例研究中, 著名城市专家们对世界上12座城市进行了分析, 其中既有高度规划的也有高度自发形成的, 探索了这些城市各种发展变化的模式。 | |
| 510 | 1 | @aFuture city@zegn |
| 606 | 0 | @a城市学@Acheng shi xue |
| 690 | @aC912.81@v5 | |
| 701 | 1 | @a罗斯曼@Aluo si man@g(Rosemann, Jurgen)@4著 |
| 701 | 1 | @a范埃尔迪约克@Afan ai er di yue ke@g(Eldijk, Job van)@4著 |
| 701 | 1 | @a里德@Ali de@g(Read, Stephen)@4著 |
| 702 | 0 | @a曹康@Acao kang@4译 |
| 801 | 0 | @aCN@c20160615 |
| 905 | @a河南城建学院图书馆@dC912.81@eL350@f3 | |
| 未来城市= Future city/(荷兰) 斯蒂芬·里德, (德国) 约尔根·罗斯曼, (荷兰) 约伯·范埃尔迪约克著/曹康 ... [等] 译.-北京:中国建筑工业出版社,2016.04 |
| 251页:图, 地图;26cm |
| ISBN 978-7-112-18280-0:CNY58.00 |
| 本书分为相互对应的三个部分, 并以多重的尽可能的方式相互进行阐明。在一系列案例研究中, 著名城市专家们对世界上12座城市进行了分析, 其中既有高度规划的也有高度自发形成的, 探索了这些城市各种发展变化的模式。 |
| ● |
| 相关链接 |
|
|
|
正题名:未来城市
索取号:C912.81/L350
 
预约/预借
| 序号 | 登录号 | 条形码 | 馆藏地/架位号 | 状态 | 备注 |
| 1 | 1277874 | 212778742 | 社科库509/509社科库 60排1列5层/ [索取号:C912.81/L350] | 在馆 | |
| 2 | 1277875 | 212778751 | 社科库509/509社科库 60排1列5层/ [索取号:C912.81/L350] | 在馆 | |
| 3 | 1277876 | 212778760 | 社科库509/509社科库 60排1列5层/ [索取号:C912.81/L350] | 在馆 | |
| 4 | 1299337 | 212993377 | 建筑与城市规划学院资料室/ [索取号:C912.81/L350] | 在馆 | |
| 5 | 1305571 | 213055717 | 社科库509/509社科库 60排1列5层/ [索取号:C912.81/L350] | 在馆 |